Podnikanie a internet
Vzťah intenzity používania internetu a ekonomického rozvoja. Internet ako silný nástroj pre obchod. Výhody internetu ako nástroja elektronického obchodu. Definícia elektronického obchodu. Členenie elektronického obchodu. Sortiment virtuálnych predajní. Spôsoby využitia internetu v podnikaní. E...
Gespeichert in:
| 1. Verfasser: | |
|---|---|
| Format: | Buchkapitel |
| Sprache: | Slowakisch |
| Schlagworte: | |
| Tags: |
Keine Tags, Fügen Sie das erste Tag hinzu!
|
MARC
| LEADER | 00000naa$a2200000$$$4500 | ||
|---|---|---|---|
| 001 | 0001516 | ||
| 005 | 20230907084811.6 | ||
| 041 | 0 | |a slo | |
| 044 | |a SK | ||
| 245 | 1 | 0 | |a Podnikanie a internet |c aut. Ján Dlabola |
| 520 | |a Vzťah intenzity používania internetu a ekonomického rozvoja. Internet ako silný nástroj pre obchod. Výhody internetu ako nástroja elektronického obchodu. Definícia elektronického obchodu. Členenie elektronického obchodu. Sortiment virtuálnych predajní. Spôsoby využitia internetu v podnikaní. E-verejné obstarávanie. E-aukcie. Virtuálne komunity. Homeworkong. | ||
| 610 | 2 | 0 | |a podnikanie |
| 610 | 2 | 0 | |a internet |
| 610 | 2 | 0 | |a obchod elektronický |
| 610 | 2 | 0 | |a rast hospodársky |
| 610 | 2 | 0 | |a trh elektronický |
| 100 | 1 | |a Dlabola, Ján | |